Movies Quiz

Random Movies or Quote Quiz
Score 0/30 Timer 05:00
1 Play Today
Question Answer Wrong Answers
I'm the king of the world! Titanic
92.8%
The King's Speech
0.7%
History of the World: Part I
0.6%
Jerry Maguire
1.5%
Hasta la vista, baby. Terminator 2: Judgment Day
92.6%
Look Who's Talking Too
0.5%
Aliens
0.3%
Scarface
2.1%
You've got to ask yourself one question: 'Do I feel lucky?' Well, do ya, punk? Dirty Harry
91.7%
In the Line of Fire
1.8%
White Heat
1.2%
Key Largo
0.6%
Nobody puts Baby in a corner. Dirty Dancing
90.3%
Fame
0.7%
Saturday Night Fever
1.8%
Look Who's Talking
2.4%
Carpe diem. Seize the day, boys. Make your lives extraordinary. Dead Poets Society
89.2%
Gladiator
3.2%
To Sir, with Love
1.1%
Stand and Deliver
1.6%
Open the pod bay doors, please, HAL. 2001: A Space Odyssey
87.8%
E.T. the Extra-Terrestrial
1.1%
Star Trek II: The Wrath of Khan
5.1%
Terminator 2: Judgment Day
1.1%
Say 'hello' to my little friend! Scarface
87.3%
Jerry Maguire
0.8%
Goodfellas
4.6%
E.T. the Extra-Terrestrial
2.7%
Mrs. Robinson, you're trying to seduce me. Aren't you? The Graduate
86.7%
Meet the Robinsons
6.2%
Tootsie
1.5%
Midnight Cowboy
1%
I feel the need - the need for speed! Top Gun
85%
Days of Thunder
8.8%
Blow
0.5%
The Getaway
1%
Take your stinking paws off me, you damned dirty ape. Planet of the Apes
84.8%
Mighty Joe Young
2.7%
Night at the Museum
2.4%
King Kong
5.4%
A boy's best friend is his mother. Psycho
84.7%
Little Nicky
3.1%
Home Alone
2.7%
Throw Momma from the Train
4.7%
Greed, for lack of a better word, is good. Wall Street
83.3%
American Psycho
3.7%
The Color of Money
6.6%
Rain Man
1.7%
There's no crying in baseball! A League of Their Own
83.2%
Field of Dreams
9.1%
Bull Durham
2.3%
The Natural
0.8%
Oh, no, it wasn't the airplanes. It was Beauty killed the Beast. King Kong
82.2%
Beauty and the Beast
5%
The Aviator
6%
Wings
2%
Louis, I think this is the beginning of a beautiful friendship. Casablanca
77.9%
E.T. the Extra-Terrestrial
3.1%
The African Queen
6.4%
The Maltese Falcon
7.6%
As God is my witness, I'll never be hungry again. Gone with the Wind
74.2%
Dark Victory
6.8%
Casablanca
6.2%
The Hunger Games
7.8%
You had me at 'hello.' Jerry Maguire
73%
Bridget Jones's Diary
6.4%
Rain Man
1%
When Harry Met Sally...
14.8%
Gentlemen, you can't fight in here! This is the War Room! Dr. Strangelove
72.5%
Mars Attacks!
7.4%
Independence Day
11.4%
Network
3.9%
One morning I shot an elephant in my pajamas. How he got in my pajamas, I don't know. Animal Crackers
67.3%
A Night at the Opera
15.7%
City Lights
5.8%
King Solomon's Mines
5.9%
I have always depended on the kindness of strangers. A Streetcar Named Desire
67%
Gone with the Wind
17.6%
The Help
7.8%
Now, Voyager
2.6%
Cinderella story. Outta nowhere. A former greenskeeper, now, about to become the Masters champion. It looks like a mirac...It's in the hole! It's in the hole! It's in the hole! Caddyshack
65.7%
Tin Cup
10.1%
The Legend of Bagger Vance
17%
Cinderella
2.5%
Keep your friends close, but your enemies closer. The Godfather: Part II
62.4%
Goodfellas
23.8%
Pulp Fiction
5.1%
Wiseguy
3.8%
No wire hangers, ever! Mommie Dearest
61.4%
What Ever Happened to Baby Jane?
17.9%
Mildred Pierce
6.8%
Network
8.6%
Wait a minute, wait a minute. You ain't heard nothin' yet! The Jazz Singer
57.1%
Modern Times
5.3%
Yankee Doodle Dandy
19.9%
Show Boat
12.1%
Attica! Attica! Dog Day Afternoon
55.3%
Scarface
6.5%
Escape from Alcatraz
22.9%
Con Air
10%
Hello, gorgeous. Funny Girl
47.5%
The Mirror Has Two Faces
8.2%
Funny Face
16%
Hello, Dolly!
23.1%
Listen to them. Children of the night. What music they make. Dracula
40.1%
The Phantom of the Opera
32.7%
Interview with the Vampire
16.4%
Young Frankenstein
5.7%
Is it safe? Marathon Man
38.2%
The Wizard of Oz
31.5%
Chariots of Fire
8.9%
The Running Man
16.1%
Mother of mercy, is this the end of Rico? Little Caesar
37.1%
The Godfather
12.1%
Scarface
19%
The Maltese Falcon
26.3%
Life is a banquet, and most poor suckers are starving to death! Auntie Mame
29.5%
Little Caesar
16.7%
Chocolat
14.6%
Oliver!
33.7%
Remove Ads.
Support Sporcle.
Get the best of Sporcle when you Go Orange. This ad-free experience offers more features, more stats, and more fun while also helping to support Sporcle. Thank you for becoming a member.

You're not logged in!

Compare scores with friends on all Sporcle quizzes.
OR
Log In

Show Comments

Extras

Top Quizzes Today


Score Distribution

Your Account Isn't Verified!

In order to create a playlist on Sporcle, you need to verify the email address you used during registration. Go to your Sporcle Settings to finish the process.

Report this User

Report this user for behavior that violates our Community Guidelines.

Details: